Ultimate UI/UX design for professionals / (Registro nro. 24694)
[ vista simple ]
| 000 -LEADER | |
|---|---|
| fixed length control field | 01458cam a2200349 i 4500 |
| 001 - CONTROL NUMBER | |
| control field | 24694 |
| 003 - CONTROL NUMBER IDENTIFIER | |
| control field | Mx-PuUPA |
| 005 - DATE AND TIME OF LATEST TRANSACTION | |
| control field | 20260225123632.0 |
| 008 - FIXED-LENGTH DATA ELEMENTS--GENERAL INFORMATION | |
| fixed length control field | 140415s2024 ii a fr 000 0 eng d |
| 020 ## - INTERNATIONAL STANDARD BOOK NUMBER | |
| International Standard Book Number | 9789348107381 |
| Qualifying information | rústica |
| 040 ## - CATALOGING SOURCE | |
| Transcribing agency | Mx-PuUPA |
| Original cataloging agency | Mx-PuUPA |
| Language of cataloging | spa |
| Modifying agency | Mx-PuUPA |
| Description conventions | rda |
| 041 0# - LANGUAGE CODE | |
| Language code of text/sound track or separate title | eng |
| 100 1# - MAIN ENTRY--PERSONAL NAME | |
| Personal name | Kaur, Sharanpreet, |
| Relator term | autor |
| 9 (RLIN) | 17213 |
| 245 10 - TITLE STATEMENT | |
| Title | Ultimate UI/UX design for professionals / |
| Statement of responsibility, etc. | Sharanpreet Kaur |
| 250 ## - EDITION STATEMENT | |
| Edition statement | First published / |
| Remainder of edition statement | december |
| 264 #1 - PRODUCTION, PUBLICATION, DISTRIBUTION, MANUFACTURE, AND COPYRIGHT NOTICE | |
| Place of production, publication, distribution, manufacture | India : |
| Name of producer, publisher, distributor, manufacturer | Orange Education Pvt, |
| Date of production, publication, distribution, manufacture, or copyright notice | 2024 |
| 300 ## - PHYSICAL DESCRIPTION | |
| Extent | xxvii, 367 páginas : |
| Other physical details | ilustraciones, diagramas, tablas ; |
| Dimensions | 24 cm |
| 336 ## - CONTENT TYPE | |
| Fuente | rdacontent |
| Content type term | texto |
| Content type code | txt |
| 337 ## - MEDIA TYPE | |
| Source | rdamedia |
| Media type term | sin medio |
| Media type code | n |
| 338 ## - CARRIER TYPE | |
| Source | rdacarrier |
| Carrier type term | volumen |
| Carrier type code | nc |
| 490 0# - SERIES STATEMENT | |
| Series statement | Ultimate |
| 500 0# - GENERAL NOTE | |
| General note | "Create impactful, user-centric designs with research and collaboration techniques for seamless responsive web interfaces".-- Portada, cubierta. |
| 650 #7 - SUBJECT ADDED ENTRY--TOPICAL TERM | |
| Source of heading or term | armarc |
| Topical term or geographic name entry element | Computadoras |
| 650 #7 - SUBJECT ADDED ENTRY--TOPICAL TERM | |
| Source of heading or term | armarc |
| Topical term or geographic name entry element | Interfaces de usuarios (Computadoras) |
| 650 #7 - SUBJECT ADDED ENTRY--TOPICAL TERM | |
| Source of heading or term | armarc |
| Topical term or geographic name entry element | Internet |
| General subdivision | Programación |
| 650 #7 - SUBJECT ADDED ENTRY--TOPICAL TERM | |
| Source of heading or term | armarc |
| Topical term or geographic name entry element | Libros electrónicos |
| 942 ## - ADDED ENTRY ELEMENTS (KOHA) | |
| Source of classification or shelving scheme | Dewey Decimal Classification |
| Koha item type | Libro |
| Classification part | 006.76 |
| Item part | K25 |
| Withdrawn status | Lost status | Source of classification or shelving scheme | Damaged status | Not for loan | Collection code | Home library | Current library | Shelving location | Date acquired | Source of acquisition | Cost, normal purchase price | Total Checkouts | Full call number | Barcode | Date last seen | Cost, replacement price | Price effective from | Koha item type |
|---|---|---|---|---|---|---|---|---|---|---|---|---|---|---|---|---|---|---|
| Dewey Decimal Classification | General | Biblioteca Karol Wojtyla | Biblioteca Karol Wojtyla | Sala general | 15/05/2025 | 2 | 1082.52 | 006.76 K25 2024 | 106027 | 05/01/2026 | 1082.52 | 15/05/2025 | Libro |